02949nam a22003257a 4500001001000000002001300010003001100023005001700034006001900051007000300070008004100073040001400114041000800128050002100136100003800157245009500195246006200290260006300352300007000415520068800485563101401173648004802187650005302235650005502288651001002343700004702353700004902400700004102449856013302490BRCA_9316LM-8 (19-48)FranzMayer20260505135211.0a||||gr|||| 00| 0 ta260324s1798 sp a|||grf||| 00| 0 spa d aBMFMbspa aspa 4aTS545b.R56 17981 aRio, Manuel del d(ca. 1690-1766)10aArte de reloxes de ruedas, para torre, sala, y faltriquera. Tomo segundo /cManuel del Rio10aArte de relojes de ruedas, para torre, sala y faltriquera aMadrid, España :bOficina de Don Antonio Cruzado ,c1798 a197, XLI [41] páginas :bcalcografías ; c21 x 14.5 x 3.5 cm 3 aObra publicada por primera vez en 1759 en España. La presente constituye una edición posterior y se trata del segundo de dos volúmenes dedicados al arte de la relojería. En su interior se explica a detalle el arte de la faltriquera, desde su construcción y mantenimiento hasta un práctico apartado de preguntas y respuestas sobre problemas comunes en los relojes.bLo más destacado de este tratado es que Manuel del Río fue el primero en ofrecer instrucciones sobre la construcción de relojes autómatas para iglesias.Incluye además varios grabados elaborados por Cipriano Maré con imágenes de relojes, instrumentos, engranajes y otros elementos gráficos. aOtras referencias físicas: Encuadernación entera en piel decorada. El papel del cuerpo del libro está formado por pulpa de trapo, hecho a mano, con marcas de verjurado y marcas de agua. Tiene 3 láminas desplegables al final. El cuerpo del libro está formado por cuadernillos unidos mediante costura alternada sobre dos soportes de costura sencillos y elevados, de cordel; las prolongaciones se usaron para unir el cuerpo a la cartera. Costura reforzada con hilo rojo de manera posterior. Hojas de guarda azules. Debajo de las contraguardas se aprecian otras contraguardas decoradas, que podrían ser la originales. Lomera ligeramente redonda; no se aprecian endoses. Cantos del cuerpo refinados y pulidos. Soportes de las tapas de cartón. Decoración con dorado en el lomo. Las casillas no corresponden al número de soportes de costura, y están marcadas a través de la decoración. Tiene 5 casillas, un tejuelo negro en la cuarta casilla con el número 2 grabado en dorado. Texto impreso 0aViceroyalty period yViceroyalty (1535-182110aWatchmaking and clockmakingyEarly works to 180010aClocks and pocket watchesxDesign and construction 0aSpain1 aMaré, Cipriano , d(1775-1814)egrabador1 aCruzado, Antonio d(fl. 1794-1800)eimpresor1 aDurán, Ramónd(fl. 1798)eeditor41qTIF//PDFuhttps://bibliotecadigital.franzmayer.org.mx/items/eb2b929e-ec07-4a34-bc07-ec477ec63afbyBiblioteca Digital Franz Mayer